| Tag |
First Indicator |
Second Indicator |
Subfields |
| LEADER |
00000cam a2200000 a 4500 |
| 001 |
in00000084250 |
| 005 |
20151008055727.0 |
| 008 |
790410s1978 fr c 00011 rus d |
| 035 |
|
|
|a (OCoLC)04841833
|
| 035 |
|
|
|9 AAJ4223AM
|
| 040 |
|
|
|a DRB
|c DRB
|d m.c.
|d TXA
|d UtOrBLW
|
| 049 |
|
|
|a TXAM
|c [1442685]
|
| 090 |
|
|
|a PG3476.D613
|b K57
|
| 100 |
1 |
|
|a Dombrovskiĭ, I︠U︡riĭ Osipovich.
|
| 245 |
1 |
0 |
|a Khranitel' drevnostei /
|c Iu. Dombrovskii.
|
| 264 |
|
1 |
|a Paris :
|b YMCA-Press,
|c 1978.
|
| 300 |
|
|
|a 254 pages :
|b portrait ;
|c 20 cm.
|
| 336 |
|
|
|a text
|b txt
|2 rdacontent
|
| 337 |
|
|
|a unmediated
|b n
|2 rdamedia
|
| 338 |
|
|
|a volume
|b nc
|2 rdacarrier
|
| 500 |
|
|
|a In Cyrillic characters.
|
| 999 |
|
|
|a MARS
|
| 999 |
f |
f |
|s c6125bc2-85a2-3ba8-a5cc-5d84c1abeaa3
|i 8e0b61bd-9116-3d14-bef0-14bd6a7df88b
|t 0
|
| 952 |
f |
f |
|p ric
|a Texas A&M University
|b Rellis Campus
|c Joint Library Facility
|s JLF
|d Remote Storage
|t 0
|e PG3476.D613 K57
|h Library of Congress classification
|i unmediated -- volume
|m A14806175753
|
| 998 |
f |
f |
|a PG3476.D613 K57
|t 0
|l Remote Storage
|